Fragile eternity / (Record no. 174641)

000 -LEADER
fixed length control field 01680cam a2200361 a 4500
001 - CONTROL NUMBER
control field 15430824
003 - CONTROL NUMBER IDENTIFIER
control field Nust
005 - DATE AND TIME OF LATEST TRANSACTION
control field 20170205141237.0
008 - FIXED-LENGTH DATA ELEMENTS--GENERAL INFORMATION
fixed length control field 080827s2009 nyu d 000 1 eng
010 ## - LIBRARY OF CONGRESS CONTROL NUMBER
LC control number 2008034420
020 ## - INTERNATIONAL STANDARD BOOK NUMBER
International Standard Book Number 9780007267194(trade bdg,)
020 ## - INTERNATIONAL STANDARD BOOK NUMBER
International Standard Book Number 9780061214721 (lib. bdg.)
035 ## - SYSTEM CONTROL NUMBER
System control number (OCoLC)ocn253632769
040 ## - CATALOGING SOURCE
Original cataloging agency DLC
Transcribing agency DLC
Modifying agency IG#
-- BTCTA
-- OCO
-- UPZ
-- WL8
-- BNY
-- XY4
-- EHH
-- DLC
042 ## - AUTHENTICATION CODE
Authentication code lcac
050 00 - LIBRARY OF CONGRESS CALL NUMBER
Classification number PZ7.M34788
Item number Fr 2009
082 00 - DEWEY DECIMAL CLASSIFICATION NUMBER
Classification number 813.6
Author Mark MAR
100 1# - MAIN ENTRY--PERSONAL NAME
Personal name Marr, Melissa.
245 10 - TITLE STATEMENT
Title Fragile eternity /
Statement of responsibility, etc. Melissa Marr.
250 ## - EDITION STATEMENT
Edition statement 1st ed.
260 ## - PUBLICATION, DISTRIBUTION, ETC.
Place of publication, distribution, etc. New York :
Name of publisher, distributor, etc. Bowen Press,
Date of publication, distribution, etc. 2009.
300 ## - PHYSICAL DESCRIPTION
Extent 389 p. ;
Dimensions 22 cm.
500 ## - GENERAL NOTE
General note Sequel to: Wicked lovely.
500 ## - GENERAL NOTE
General note Sequel: Radiant shadows.
520 ## - SUMMARY, ETC.
Summary, etc. Aislinn and Seth struggle with the unforeseen consequences of Aislinn's transformation from mortal girl to faery queen as the world teeters on the brink of cataclysmic violence.
650 #1 - SUBJECT ADDED ENTRY--TOPICAL TERM
Topical term or geographic name entry element Fairies
Form subdivision Fiction.
650 #1 - SUBJECT ADDED ENTRY--TOPICAL TERM
Topical term or geographic name entry element Kings, queens, rulers, etc.
Form subdivision Fiction.
650 #1 - SUBJECT ADDED ENTRY--TOPICAL TERM
Topical term or geographic name entry element Fantasy.
655 #0 - INDEX TERM--GENRE/FORM
Genre/form data or focus term Young adult fiction.
906 ## - LOCAL DATA ELEMENT F, LDF (RLIN)
a 7
b cbc
c orignew
d 1
e ecip
f 20
g y-gencatlg
942 ## - ADDED ENTRY ELEMENTS (KOHA)
Source of classification or shelving scheme
Koha item type Book
Holdings
Withdrawn status Lost status Source of classification or shelving scheme Damaged status Not for loan Collection code Permanent Location Current Location Shelving location Date acquired Total Checkouts Total Renewals Full call number Barcode Date last seen Date last checked out Copy number Price effective from Koha item type
            Central Library (CL) Central Library (CL) Fiction 02/05/2017 5 3 813.6 MAR CL451 12/09/2024 11/16/2024 1 02/05/2017 Book
© 2023 Central Library, National University of Sciences and Technology. All Rights Reserved.